Modo de rezar la benedicta en la octava de la Purisima Concepcion de la gran señora en el convento de N.M.Sta. Catalina de Sena

Detalles Bibliográficos
Formato: Libro
Lenguaje:Undetermined
Spanish
Publicado: Puebla : 1904
Materias:
Colección:Banco de datos
Acervo:Monasterio de Santa Catalina de Siena de la Orden de Santo Domingo de Puebla. Puebla
Descripción Física:[1] h., 10 p. ; 8º
Tema general:Liturgia
LEADER 00665nam a2200145Ia 4500
008 150723s9999 xx 000 0 und d
041 0 |a spa 
245 1 0 |a Modo de rezar la benedicta en la octava de la Purisima Concepcion de la gran señora en el convento de N.M.Sta. Catalina de Sena  
260 |a Puebla :   |b imp. en la Puerta falsa de los Gallos,   |c 1904 
300 |a [1] h., 10 p.   |b    |c  ; 8º 
650 1 0 |a Liturgia  
949 |a Monasterio de Santa Catalina de Siena y Santa Ana del Convento de Dominicas del Estado de Puebla: 549 
942 |c DOMPUE 
943 |g Monasterio de Santa Catalina de Siena de la Orden de Santo Domingo de Puebla. Puebla 
999 |c 1105236  |d 1105236